Dasar-dasar ilmu da'wah

Bibliographic Details
Main Author: Abdul Karem Zaidan
Format: Book
Published: Shah Alam : Dewan Pustaka Fajar , 1987
Subjects:

MARC

LEADER 00000cam a2200000 7i4500
001 0000004568
002 000004925
005 20000330.0
020 |a T000000381 
090 0 0 |a 297.7   |b ABD 
100 0 |a Abdul Karem Zaidan   |f Dr 
245 1 0 |a Dasar-dasar ilmu da'wah   |c Dr.Abdul Karem Zaidan 
260 |a Shah Alam :   |b Dewan Pustaka Fajar ,   |c 1987 
300 |a 292p. ;   |c 21cm. 
650 0 0 |a Preaching,Islamic 
999 |a 034656   |b BUKU   |c PINJAMAN   |e PERPUSTAKAAN KOMUNITI PETALING JAYA